Red de Mujeres por la Paz: edición especial sobre paz, gobernabilidad urbana, y derechos de la mujer a la tierra y la propiedad. Women and peace network: special issue on peace, urban governance, land and property rights of women

Zapisane w:
Opis bibliograficzny
Format: Texto
Wydane: [San José]: Fundación Arias para la Paz y el Progreso Humano
Hasła przedmiotowe:
Etykiety: Dodaj etykietę
Nie ma etykietki, Dołącz pierwszą etykiete!

MARC

LEADER 00000 a a2200000 04500
001 32847
003
040
090 |a 197303  
245 |a Red de Mujeres por la Paz: edición especial sobre paz, gobernabilidad urbana, y derechos de la mujer a la tierra y la propiedad. Women and peace network: special issue on peace, urban governance, land and property rights of women  
260 |a [San José]:   |b Fundación Arias para la Paz y el Progreso Humano  
300 |a 38 p.  
650 |a GOBIERNO  
650 |a DERECHOS DE PROPIEDAD  
650 |a VIVIENDA  
650 |a MUJERES  
999 |c 12254  |d 12254